Диагностика канала низкотемпературной плазмы по собственному оптическому излучению; Материалы VIII Всесоюзного симпозиума по распространению лазерного излучения в атмосфере; Ч. 2

Bibliografiske detaljer
Parent link:Материалы VIII Всесоюзного симпозиума по распространению лазерного излучения в атмосфере.— , 1986
Ч. 2.— 1986.— С. 228-229
Andre forfattere: Тихомиров И. А. Иван Арсентьевич, Копытин Ю. Д., Баландин С. Ф., Шишковский В. И., Хан В. А. Валерий Алексеевич
Summary:В фонде НТБ ТПУ отсутствует
Sprog:russisk
Udgivet: 1986
Fag:
Format: MixedMaterials Book Chapter
KOHA link:https://koha.lib.tpu.ru/cgi-bin/koha/opac-detail.pl?biblionumber=599122

MARC

LEADER 00000naa0a2200000 4500
001 599122
005 20250416094737.0
035 |a (RuTPU)RU\TPU\tpu\22974 
035 |a RU\TPU\tpu\22973 
090 |a 599122 
100 |a 20130328d1986 k y0rusy50 ca 
101 0 |a rus 
102 |a RU 
200 1 |a Диагностика канала низкотемпературной плазмы по собственному оптическому излучению  |f И. А. Тихомиров [и др.] 
333 |a В фонде НТБ ТПУ отсутствует 
461 |t Материалы VIII Всесоюзного симпозиума по распространению лазерного излучения в атмосфере  |d 1986 
463 |t Ч. 2  |v С. 228-229  |d 1986 
610 1 |a труды учёных ТПУ 
701 1 |a Тихомиров  |b И. А.  |c российский физик  |c доктор физико-математических наук, профессор Томского политехнического университета  |f 1921-2010  |g Иван Арсентьевич  |3 (RuTPU)RU\TPU\pers\18334  |4 070 
701 1 |a Копытин  |b Ю. Д. 
701 1 |a Баландин  |b С. Ф. 
701 1 |a Шишковский  |b В. И. 
701 1 |a Хан  |b В. А.  |c физик  |c доцент Томского политехнического университета, доктор технических наук  |f 1952-  |g Валерий Алексеевич  |3 (RuTPU)RU\TPU\pers\31144  |9 15340 
801 1 |a RU  |b 63413507  |c 20100128 
801 2 |a RU  |b 63413507  |c 20140314  |g RCR 
850 |a 63413507 
942 |c BK